[Event "DVM U20w 2020"]
[Site "Willingen GER"]
[Date "2021.06.24"]
[Round "2"]
[White "Flach, Helene"]
[Black "Wagner, Victoria"]
[Result "1-0"]
[Termination "normal"]
[Board "2.2"]
[WhiteElo "1749"]
[BlackElo "1727"]
[WhiteClock "00:05:47"]
[BlackClock "00:04:22"]
[WhiteTeam "SK Langen"]
[BlackTeam "Erfurter Schachklub"]
[PlyCount "187"]
[WhiteFideId "12929735"]
[BlackFideId "16232348"]
[EventCountry "GER"]
[EventRounds "7"]
[EventType "team-swiss"]
[EventDate "2021.06.23"]

1. e4 {[%clk 01:30:57]  [%emt 00:00:02]} 1... c5 { [%clk 01:30:52]  [%emt
00:00:08]} 2. Nf3 {[%clk 01:31:10]  [%emt 00:00:18]} 2... d6 {[%clk 01:31:15] 
[%emt 00:00:07]} 3. c3 { [%clk 01:31:30]  [%emt 00:00:10]} 3... Nf6 {[%clk
01:30:57]  [%emt 00:00:48]} 4. Bd3 {[%clk 01:31:16]  [%emt 00:00:44]} 4... Nc6
{ [%clk 01:28:25]  [%emt 00:03:02]} 5. Bc2 {[%clk 01:31:11]  [%emt 00:00:35]}
5... e5 {[%clk 01:23:13]  [%emt 00:05:41]} 6. d4 { [%clk 01:28:14]  [%emt
00:03:28]} 6... Bd7 {[%clk 01:17:15]  [%emt 00:06:28]} 7. O-O {[%clk 01:24:31] 
[%emt 00:04:13]} 7... Qc7 { [%clk 01:15:24]  [%emt 00:02:20]} 8. dxe5 {[%clk
01:18:55]  [%emt 00:06:07]} 8... dxe5 {[%clk 01:14:35]  [%emt 00:01:19]} 9. h3
{ [%clk 01:16:03]  [%emt 00:03:22]} 9... O-O-O {[%clk 01:12:03]  [%emt
00:03:02]} 10. Qe2 {[%clk 01:13:38]  [%emt 00:02:55]} 10... h6 { [%clk
01:08:06]  [%emt 00:04:27]} 11. Na3 {[%clk 01:08:48]  [%emt 00:05:20]} 11... a6
{[%clk 01:04:56]  [%emt 00:03:40]} 12. Nc4 { [%clk 01:01:44]  [%emt 00:07:35]}
12... g5 {[%clk 01:00:29]  [%emt 00:04:57]} 13. Nh2 {[%clk 00:59:55]  [%emt
00:02:18]} 13... Rg8 { [%clk 00:56:46]  [%emt 00:04:13]} 14. Ng4 {[%clk
00:58:17]  [%emt 00:02:08]} 14... Nxg4 {[%clk 00:48:55]  [%emt 00:08:21]} 15.
hxg4 { [%clk 00:58:40]  [%emt 00:00:07]} 15... Ne7 {[%clk 00:47:10]  [%emt
00:02:14]} 16. Ne3 {[%clk 00:46:36]  [%emt 00:12:36]} 16... Kb8 { [%clk
00:44:11]  [%emt 00:03:28]} 17. a4 {[%clk 00:41:49]  [%emt 00:05:17]} 17... Be6
{[%clk 00:40:07]  [%emt 00:04:33]} 18. Rd1 { [%clk 00:31:00]  [%emt 00:11:20]}
18... Rxd1+ {[%clk 00:37:02]  [%emt 00:03:35] } 19. Qxd1 {[%clk 00:29:49] 
[%emt 00:01:41]} 19... Bg7 { [%clk 00:29:47]  [%emt 00:07:45]} 20. Nd5 {[%clk
00:19:38]  [%emt 00:10:42]} 20... Qd7 {[%clk 00:23:00]  [%emt 00:07:12]} 21.
Nxe7 { [%clk 00:16:02]  [%emt 00:04:11]} 21... Qxe7 {[%clk 00:23:21]  [%emt
00:00:08]} 22. Qe2 {[%clk 00:15:12]  [%emt 00:01:20]} 22... Rd8 { [%clk
00:22:06]  [%emt 00:01:45]} 23. Be3 {[%clk 00:14:36]  [%emt 00:01:06]} 23...
Bf8 {[%clk 00:21:14]  [%emt 00:01:20]} 24. Rd1 { [%clk 00:13:40]  [%emt
00:01:28]} 24... Qc7 {[%clk 00:19:02]  [%emt 00:02:42]} 25. f3 {[%clk 00:11:24]
 [%emt 00:02:47]} 25... Rxd1+ { [%clk 00:17:31]  [%emt 00:02:00]} 26. Bxd1
{[%clk 00:08:50]  [%emt 00:03:04]} 26... Qa5 {[%clk 00:15:15]  [%emt 00:02:39]}
27. Qd3 { [%clk 00:07:11]  [%emt 00:02:16]} 27... c4 {[%clk 00:13:51]  [%emt
00:01:54]} 28. Qe2 {[%clk 00:07:32]  [%emt 00:00:09]} 28... Bc5 { [%clk
00:13:36]  [%emt 00:00:44]} 29. Bxc5 {[%clk 00:04:15]  [%emt 00:03:48]} 29...
Qxc5+ {[%clk 00:13:59]  [%emt 00:00:06]} 30. Kf1 { [%clk 00:04:19]  [%emt
00:00:26]} 30... Kc7 {[%clk 00:13:03]  [%emt 00:01:25]} 31. Bc2 {[%clk
00:03:45]  [%emt 00:01:06]} 31... Qb6 { [%clk 00:09:17]  [%emt 00:04:13]} 32.
Bd1 {[%clk 00:04:13]  [%emt 00:00:05]} 32... Qc6 {[%clk 00:08:56]  [%emt
00:00:50]} 33. g3 { [%clk 00:03:47]  [%emt 00:00:58]} 33... Qd6 {[%clk
00:08:01]  [%emt 00:01:21]} 34. Bc2 {[%clk 00:03:52]  [%emt 00:00:28]} 34...
Qd7 { [%clk 00:07:38]  [%emt 00:00:52]} 35. Qf2 {[%clk 00:03:40]  [%emt
00:00:43]} 35... Qd6 {[%clk 00:07:06]  [%emt 00:01:01]} 36. Qe2 { [%clk
00:03:55]  [%emt 00:00:16]} 36... Qc5 {[%clk 00:06:31]  [%emt 00:01:03]} 37.
Bd1 {[%clk 00:03:48]  [%emt 00:00:39]} 37... f6 { [%clk 00:06:16]  [%emt
00:00:44]} 38. Bc2 {[%clk 00:04:13]  [%emt 00:00:06]} 38... Bf7 {[%clk
00:06:01]  [%emt 00:00:44]} 39. Qd2 { [%clk 00:03:00]  [%emt 00:01:43]} 39...
Qb6 {[%clk 00:04:10]  [%emt 00:02:18]} 40. Bb1 {[%clk 00:01:59]  [%emt
00:01:35]} 40... Qb3 { [%clk 00:01:52]  [%emt 00:02:41]} 41. Qc1 {[%clk
00:13:48]  [%emt 00:18:47]} 41... Qxa4 {[%clk 00:31:09]  [%emt 00:01:14]} 42.
Bc2 { [%clk 00:14:09]  [%emt 00:00:09]} 42... Qc6 {[%clk 00:30:56]  [%emt
00:00:42]} 43. f4 {[%clk 00:11:47]  [%emt 00:03:55]} 43... Qd7 { [%clk
00:29:28]  [%emt 00:01:30]} 44. fxe5 {[%clk 00:10:44]  [%emt 00:00:59]} 44...
fxe5 {[%clk 00:27:13]  [%emt 00:02:46]} 45. Qe3 { [%clk 00:09:50]  [%emt
00:01:24]} 45... b6 {[%clk 00:22:42]  [%emt 00:05:00]} 46. Qf2 {[%clk 00:09:15]
 [%emt 00:01:06]} 46... Be6 { [%clk 00:20:15]  [%emt 00:02:55]} 47. Qe2 {[%clk
00:08:27]  [%emt 00:01:19]} 47... b5 {[%clk 00:18:47]  [%emt 00:01:58]} 48. Qh2
{ [%clk 00:08:52]  [%emt 00:00:06]} 48... Qf7+ {[%clk 00:15:44]  [%emt
00:03:31]} 49. Ke1 {[%clk 00:08:49]  [%emt 00:00:35]} 49... Qf3 {[%emt
00:06:01]} 50. Qg1 {[%clk 00:04:59]  [%emt 00:01:08]} 50... Kb7 {[%clk
00:09:59]  [%emt 00:03:48]} 51. Qc5 {[%clk 00:05:13]  [%emt 00:00:23]} 51...
Qxg3+ { [%clk 00:09:22]  [%emt 00:01:07]} 52. Kf1 {[%clk 00:04:54]  [%emt
00:00:49]} 52... Qf4+ {[%clk 00:04:43]  [%emt 00:05:08]} 53. Ke1 { [%clk
00:04:49]  [%emt 00:00:36]} 53... Qf6 {[%clk 00:03:19]  [%emt 00:01:54]} 54.
Qd6 {[%clk 00:04:49]  [%emt 00:00:30]} 54... Qf7 { [%clk 00:02:25]  [%emt
00:01:22]} 55. Qxe5 {[%clk 00:04:23]  [%emt 00:00:58]} 55... Bxg4 {[%clk
00:02:39]  [%emt 00:00:17]} 56. Qd4 { [%clk 00:03:34]  [%emt 00:01:19]} 56...
Qd7 {[%clk 00:02:19]  [%emt 00:00:48]} 57. Qf6 {[%clk 00:03:27]  [%emt
00:00:39]} 57... Qc7 { [%clk 00:00:57]  [%emt 00:01:47]} 58. e5 {[%clk
00:03:39]  [%emt 00:00:23]} 58... Qc6 {[%clk 00:01:09]  [%emt 00:00:17]} 59.
Qe7+ { [%clk 00:02:49]  [%emt 00:01:20]} 59... Qd7 {[%clk 00:01:00]  [%emt
00:00:37]} 60. Qf6 {[%clk 00:01:45]  [%emt 00:01:36]} 60... Qc6 { [%clk
00:00:55]  [%emt 00:00:35]} 61. Qe7+ {[%clk 00:02:08]  [%emt 00:00:07]} 61...
Kb6 {[%clk 00:01:04]  [%emt 00:00:21]} 62. Qd8+ { [%clk 00:02:29]  [%emt
00:00:09]} 62... Ka7 {[%clk 00:01:08]  [%emt 00:00:24]} 63. Qe7+ {[%clk
00:02:49]  [%emt 00:00:11]} 63... Kb8 { [%clk 00:00:47]  [%emt 00:00:52]} 64.
Qd8+ {[%clk 00:02:26]  [%emt 00:00:53]} 64... Qc8 {[%clk 00:00:55]  [%emt
00:00:20]} 65. Qb6+ { [%clk 00:02:43]  [%emt 00:00:15]} 65... Qb7 {[%clk
00:01:18]  [%emt 00:00:07]} 66. Qd8+ {[%clk 00:02:49]  [%emt 00:00:23]} 66...
Ka7 { [%clk 00:01:07]  [%emt 00:00:42]} 67. Qd4+ {[%clk 00:03:11]  [%emt
00:00:08]} 67... Qb6 {[%clk 00:01:22]  [%emt 00:00:15]} 68. Qxg4 { [%clk
00:03:04]  [%emt 00:00:38]} 68... Qe3+ {[%clk 00:01:39]  [%emt 00:00:12]} 69.
Qe2 {[%clk 00:03:21]  [%emt 00:00:13]} 69... Qxe2+ { [%clk 00:01:08]  [%emt
00:01:01]} 70. Kxe2 {[%clk 00:03:44]  [%emt 00:00:07]} 70... Kb7 {[%clk
00:01:35]  [%emt 00:00:04]} 71. Kf3 { [%clk 00:02:52]  [%emt 00:01:22]} 71...
Kc7 {[%clk 00:01:04]  [%emt 00:01:01]} 72. Kg4 {[%clk 00:02:49]  [%emt
00:00:33]} 72... Kd8 { [%clk 00:00:36]  [%emt 00:00:58]} 73. Be4 {[%clk
00:02:24]  [%emt 00:00:55]} 73... Ke7 {[%clk 00:00:42]  [%emt 00:00:24]} 74.
Bb7 { [%clk 00:02:44]  [%emt 00:00:09]} 74... a5 {[%clk 00:01:04]  [%emt
00:00:08]} 75. Ba6 {[%clk 00:03:07]  [%emt 00:00:07]} 75... Ke6 { [%clk
00:00:36]  [%emt 00:00:58]} 76. Bxb5 {[%clk 00:03:26]  [%emt 00:00:11]} 76...
Kxe5 {[%clk 00:01:02]  [%emt 00:00:04]} 77. Bxc4 { [%clk 00:03:50]  [%emt
00:00:07]} 77... Kd6 {[%clk 00:01:15]  [%emt 00:00:16]} 78. b3 {[%clk 00:02:42]
 [%emt 00:01:38]} 78... Kc5 { [%clk 00:01:24]  [%emt 00:00:22]} 79. Bf7 {[%clk
00:02:05]  [%emt 00:01:07]} 79... Kb5 {[%clk 00:01:15]  [%emt 00:00:38]} 80.
Kh5 { [%clk 00:02:23]  [%emt 00:00:13]} 80... Kc5 {[%clk 00:01:14]  [%emt
00:00:31]} 81. Be6 {[%clk 00:02:34]  [%emt 00:00:18]} 81... Kd6 { [%clk
00:01:27]  [%emt 00:00:16]} 82. Bg4 {[%clk 00:02:29]  [%emt 00:00:37]} 82...
Kc5 {[%clk 00:01:13]  [%emt 00:00:43]} 83. Kxh6 { [%clk 00:02:40]  [%emt
00:00:19]} 83... Kb6 {[%clk 00:00:39]  [%emt 00:01:05]} 84. Kxg5 {[%clk
00:02:34]  [%emt 00:00:36]} 84... Kc5 { [%clk 00:00:56]  [%emt 00:00:12]} 85.
Bd7 {[%clk 00:02:46]  [%emt 00:00:18]} 85... Kd6 {[%clk 00:01:19]  [%emt
00:00:08]} 86. Ba4 { [%clk 00:03:11]  [%emt 00:00:04]} 86... Kc5 {[%clk
00:01:43]  [%emt 00:00:06]} 87. Kf4 {[%clk 00:03:37]  [%emt 00:00:04]} 87...
Kd6 { [%clk 00:02:03]  [%emt 00:00:11]} 88. Ke4 {[%clk 00:03:58]  [%emt
00:00:08]} 88... Kc5 {[%clk 00:02:28]  [%emt 00:00:05]} 89. Ke5 { [%clk
00:04:15]  [%emt 00:00:13]} 89... Kb6 {[%clk 00:02:53]  [%emt 00:00:05]} 90.
Kd6 {[%clk 00:04:40]  [%emt 00:00:05]} 90... Ka6 { [%clk 00:03:18]  [%emt
00:00:05]} 91. Kc5 {[%clk 00:05:04]  [%emt 00:00:06]} 91... Ka7 {[%clk
00:03:31]  [%emt 00:00:17]} 92. c4 { [%clk 00:05:05]  [%emt 00:00:29]} 92...
Ka6 {[%clk 00:03:56]  [%emt 00:00:05]} 93. Kc6 {[%clk 00:05:22]  [%emt
00:00:13]} 93... Ka7 { [%clk 00:04:22]  [%emt 00:00:04]} 94. Kb5 {[%clk
00:05:47]  [%emt 00:00:05]} 1-0

[Event "DVM U20w 2020"]
[Site "Willingen GER"]
[Date "2021.06.24"]
[Round "2"]
[White "Krömer, Paulina"]
[Black "Riegel, Arinna"]
[Result "1/2-1/2"]
[Termination "normal"]
[Board "2.3"]
[WhiteElo "1539"]
[BlackElo "1881"]
[WhiteClock "00:10:05"]
[BlackClock "00:09:56"]
[WhiteTeam "Erfurter Schachklub"]
[BlackTeam "SK Langen"]
[PlyCount "101"]
[WhiteFideId "16212363"]
[BlackFideId "12931446"]
[EventCountry "GER"]
[EventRounds "7"]
[EventType "team-swiss"]
[EventDate "2021.06.23"]

1. d4 {[%clk 01:30:56]  [%emt 00:00:04]} 1... d5 { [%clk 01:30:53]  [%emt
00:00:07]} 2. Nf3 {[%clk 01:31:23]  [%emt 00:00:04]} 2... Nf6 {[%clk 01:30:56] 
[%emt 00:00:26]} 3. e3 { [%clk 01:31:43]  [%emt 00:00:10]} 3... e6 {[%clk
01:29:45]  [%emt 00:01:42]} 4. Bd3 {[%clk 01:31:55]  [%emt 00:00:18]} 4... Bd6
{ [%clk 01:30:02]  [%emt 00:00:12]} 5. O-O {[%clk 01:32:09]  [%emt 00:00:17]}
5... O-O {[%clk 01:30:28]  [%emt 00:00:04]} 6. Nbd2 { [%clk 01:32:12]  [%emt
00:00:27]} 6... b6 {[%clk 01:25:38]  [%emt 00:05:19]} 7. b3 {[%clk 01:31:13] 
[%emt 00:01:29]} 7... Bb7 { [%clk 01:25:54]  [%emt 00:00:14]} 8. Bb2 {[%clk
01:31:31]  [%emt 00:00:13]} 8... Nbd7 {[%clk 01:25:47]  [%emt 00:00:37]} 9. Ne5
{ [%clk 01:29:40]  [%emt 00:02:21]} 9... c5 {[%clk 01:18:51]  [%emt 00:07:26]}
10. c4 {[%clk 01:29:03]  [%emt 00:01:06]} 10... Rc8 { [%clk 01:11:50]  [%emt
00:07:30]} 11. Rc1 {[%clk 01:28:06]  [%emt 00:01:28]} 11... Qe7 {[%clk
00:57:45]  [%emt 00:14:35]} 12. Bb1 { [%clk 01:18:22]  [%emt 00:10:15]} 12...
Ne8 {[%clk 00:46:00]  [%emt 00:12:14]} 13. f4 {[%clk 01:09:01]  [%emt
00:09:51]} 13... f5 { [%clk 00:41:08]  [%emt 00:05:21]} 14. Ndf3 {[%clk
01:04:02]  [%emt 00:05:30]} 14... Nef6 {[%clk 00:38:24]  [%emt 00:03:14]} 15.
Ng5 { [%clk 01:00:18]  [%emt 00:04:14]} 15... cxd4 {[%clk 00:35:50]  [%emt
00:03:03]} 16. exd4 {[%clk 01:00:01]  [%emt 00:00:47]} 16... Bxe5 { [%clk
00:21:53]  [%emt 00:14:28]} 17. dxe5 {[%clk 00:56:54]  [%emt 00:03:38]} 17...
Ne4 {[%clk 00:21:29]  [%emt 00:00:53]} 18. Nxe4 { [%clk 00:48:16]  [%emt
00:09:08]} 18... dxe4 {[%clk 00:21:04]  [%emt 00:00:55]} 19. Qd2 {[%clk
00:43:25]  [%emt 00:05:21]} 19... Rfd8 { [%clk 00:20:10]  [%emt 00:01:25]} 20.
Qe3 {[%clk 00:43:07]  [%emt 00:00:47]} 20... Rc7 {[%clk 00:14:36]  [%emt
00:06:04]} 21. Rfd1 { [%clk 00:40:43]  [%emt 00:02:54]} 21... Nc5 {[%clk
00:11:28]  [%emt 00:03:39]} 22. Rd4 {[%clk 00:30:44]  [%emt 00:10:28]} 22...
Rxd4 { [%clk 00:10:05]  [%emt 00:01:53]} 23. Bxd4 {[%clk 00:30:09]  [%emt
00:01:05]} 23... Rd7 {[%clk 00:09:47]  [%emt 00:00:49]} 24. Rd1 { [%clk
00:29:01]  [%emt 00:01:37]} 24... Na6 {[%clk 00:08:43]  [%emt 00:01:34]} 25.
Rd2 {[%clk 00:24:28]  [%emt 00:05:03]} 25... Qd8 { [%clk 00:08:45]  [%emt
00:00:28]} 26. a3 {[%clk 00:22:20]  [%emt 00:02:39]} 26... Nb8 {[%clk 00:07:39]
 [%emt 00:01:36]} 27. Bc3 { [%clk 00:20:02]  [%emt 00:02:48]} 27... Nc6 {[%clk
00:07:27]  [%emt 00:00:41]} 28. Rxd7 {[%clk 00:14:08]  [%emt 00:06:24]} 28...
Qxd7 { [%clk 00:07:56]  [%emt 00:00:02]} 29. Bc2 {[%clk 00:14:10]  [%emt
00:00:28]} 29... Ne7 {[%clk 00:06:19]  [%emt 00:02:06]} 30. Bb4 { [%clk
00:11:13]  [%emt 00:03:27]} 30... Bc6 {[%clk 00:06:07]  [%emt 00:00:39]} 31.
Kf2 {[%clk 00:09:34]  [%emt 00:02:12]} 31... Kf7 { [%clk 00:06:23]  [%emt
00:00:14]} 32. Bd6 {[%clk 00:07:31]  [%emt 00:02:33]} 32... h6 {[%clk 00:02:36]
 [%emt 00:04:18]} 33. Bd1 { [%clk 00:04:17]  [%emt 00:03:44]} 33... Qd8 {[%clk
00:01:35]  [%emt 00:01:30]} 34. b4 {[%clk 00:01:28]  [%emt 00:03:19]} 34... Qd7
{ [%clk 00:01:44]  [%emt 00:00:21]} 35. g3 {[%clk 00:01:36]  [%emt 00:00:23]}
35... Ba4 {[%clk 00:01:05]  [%emt 00:01:08]} 36. Be2 { [%clk 00:01:42]  [%emt
00:00:24]} 36... Bc6 {[%clk 00:01:13]  [%emt 00:00:22]} 37. Bf1 {[%clk
00:01:51]  [%emt 00:00:22]} 37... Bb7 {[%emt 00:01:31]} 38. Qb3 {[%clk
00:01:46]  [%emt 00:00:01]} 38... Bc6 {[%clk 00:01:08]  [%emt 00:00:07]} 39.
Be2 {[%clk 00:01:43]  [%emt 00:00:33]} 39... Ba4 { [%clk 00:01:29]  [%emt
00:00:10]} 40. Qc3 {[%clk 00:01:48]  [%emt 00:00:24]} 40... Bc6 {[%clk
00:01:20]  [%emt 00:00:39]} 41. h4 { [%clk 00:28:02]  [%emt 00:04:16]} 41... g6
{[%clk 00:28:41]  [%emt 00:03:10]} 42. Qb2 {[%clk 00:24:37]  [%emt 00:03:54]}
42... Bb7 { [%clk 00:28:32]  [%emt 00:00:38]} 43. Bd1 {[%clk 00:24:23]  [%emt
00:00:45]} 43... Bc6 {[%clk 00:27:20]  [%emt 00:01:41]} 44. Qb3 { [%clk
00:22:38]  [%emt 00:02:15]} 44... Ke8 {[%clk 00:21:32]  [%emt 00:08:37]} 45.
Qe3 {[%clk 00:20:21]  [%emt 00:00:28]} 45... Kf7 { [%clk 00:21:38]  [%emt
00:00:24]} 46. h5 {[%clk 00:19:00]  [%emt 00:01:52]} 46... Qd8 {[%clk 00:12:29]
 [%emt 00:09:38]} 47. hxg6+ { [%clk 00:15:21]  [%emt 00:04:10]} 47... Nxg6
{[%clk 00:11:21]  [%emt 00:01:37]} 48. Bh5 {[%clk 00:13:33]  [%emt 00:02:18]}
48... Kg7 { [%clk 00:11:36]  [%emt 00:00:16]} 49. Qb3 {[%clk 00:12:21]  [%emt
00:01:42]} 49... Qd7 {[%clk 00:11:42]  [%emt 00:00:23]} 50. Qd1 {[%emt
00:02:43]} 50... Qd8 {[%clk 00:09:56]  [%emt 00:02:08]} 51. Qe2 { [%clk
00:10:05]  [%emt 00:00:42]} 1/2-1/2

[Event "DVM U20w 2020"]
[Site "Willingen GER"]
[Date "2021.06.24"]
[Round "2"]
[White "Schmidt, Merle"]
[Black "Pflugradt, Natalie"]
[Result "0-1"]
[Termination "normal"]
[Board "2.4"]
[WhiteElo "1199"]
[BlackElo "1539"]
[WhiteClock "00:52:53"]
[BlackClock "00:55:25"]
[WhiteTeam "SK Langen"]
[BlackTeam "Erfurter Schachklub"]
[PlyCount "92"]
[WhiteFideId "16291999"]
[BlackFideId "16212444"]
[EventCountry "GER"]
[EventRounds "7"]
[EventType "team-swiss"]
[EventDate "2021.06.23"]

1. c4 {[%clk 01:30:54]  [%emt 00:00:03]} 1... Nf6 { [%clk 01:30:44]  [%emt
00:00:16]} 2. Nc3 {[%clk 01:31:04]  [%emt 00:00:20]} 2... e6 {[%clk 01:30:55] 
[%emt 00:00:18]} 3. Nf3 { [%clk 01:29:53]  [%emt 00:01:41]} 3... b6 {[%clk
01:31:09]  [%emt 00:00:17]} 4. g3 {[%clk 01:30:02]  [%emt 00:00:22]} 4... Bb7 {
[%clk 01:30:55]  [%emt 00:00:43]} 5. Bg2 {[%clk 01:30:23]  [%emt 00:00:09]}
5... c5 {[%clk 01:30:32]  [%emt 00:00:53]} 6. O-O { [%clk 01:30:09]  [%emt
00:00:45]} 6... Be7 {[%clk 01:30:35]  [%emt 00:00:26]} 7. e3 {[%clk 01:29:07] 
[%emt 00:01:32]} 7... O-O { [%clk 01:30:17]  [%emt 00:00:48]} 8. d4 {[%clk
01:28:58]  [%emt 00:00:39]} 8... d6 {[%clk 01:27:15]  [%emt 00:03:33]} 9. b3
{[%clk 01:28:46]  [%emt 00:00:41]} 9... Nbd7 {[%clk 01:23:31]  [%emt 00:04:13]}
10. Bb2 { [%clk 01:28:43]  [%emt 00:00:35]} 10... Ne4 {[%clk 01:20:53]  [%emt
00:03:07]} 11. d5 {[%clk 01:20:13]  [%emt 00:09:00]} 11... Nxc3 { [%clk
01:17:29]  [%emt 00:03:54]} 12. Bxc3 {[%clk 01:20:29]  [%emt 00:00:15]} 12...
e5 {[%clk 01:17:50]  [%emt 00:00:08]} 13. Qc2 { [%clk 01:20:28]  [%emt
00:00:31]} 13... f5 {[%clk 01:17:17]  [%emt 00:01:04]} 14. e4 {[%clk 01:17:49] 
[%emt 00:03:09]} 14... fxe4 { [%clk 01:14:35]  [%emt 00:03:10]} 15. Qxe4 {[%clk
01:18:06]  [%emt 00:00:14]} 15... Nf6 {[%clk 01:14:51]  [%emt 00:00:15]} 16.
Qc2 { [%clk 01:17:47]  [%emt 00:00:49]} 16... Ng4 {[%clk 01:12:13]  [%emt
00:03:05]} 17. Rae1 {[%clk 01:15:44]  [%emt 00:02:35]} 17... Bc8 { [%clk
01:11:16]  [%emt 00:01:26]} 18. Re4 {[%clk 01:12:28]  [%emt 00:03:47]} 18...
Bf5 {[%clk 01:09:57]  [%emt 00:01:50]} 19. h3 { [%clk 01:10:11]  [%emt
00:02:46]} 19... Bxe4 {[%clk 01:04:36]  [%emt 00:05:50]} 20. Qxe4 {[%clk
01:10:23]  [%emt 00:00:19]} 20... Nf6 { [%clk 01:04:36]  [%emt 00:00:28]} 21.
Qc2 {[%clk 01:04:07]  [%emt 00:06:49]} 21... Nh5 {[%clk 00:58:07]  [%emt
00:06:58]} 22. Re1 { [%clk 01:00:07]  [%emt 00:04:30]} 22... Qe8 {[%clk
00:57:18]  [%emt 00:01:17]} 23. Re4 {[%clk 00:57:35]  [%emt 00:03:04]} 23...
Qf7 { [%clk 00:56:35]  [%emt 00:01:11]} 24. Rg4 {[%clk 00:54:58]  [%emt
00:03:09]} 24... Qf5 {[%clk 00:55:15]  [%emt 00:01:43]} 25. Qxf5 { [%clk
00:53:57]  [%emt 00:01:38]} 25... Rxf5 {[%clk 00:55:34]  [%emt 00:00:09]} 26.
Nh4 {[%clk 00:53:23]  [%emt 00:01:06]} 26... Rf7 { [%clk 00:53:19]  [%emt
00:02:44]} 27. Be4 {[%clk 00:52:38]  [%emt 00:01:17]} 27... Nf6 {[%clk
00:52:33]  [%emt 00:01:13]} 28. Rg5 { [%clk 00:51:58]  [%emt 00:01:12]} 28...
Nxe4 {[%clk 00:52:55]  [%emt 00:00:08]} 29. Rg4 {[%clk 00:50:38]  [%emt
00:01:51]} 29... Nxf2 { [%clk 00:52:54]  [%emt 00:00:30]} 30. Kf1 {[%clk
00:50:21]  [%emt 00:00:46]} 30... Nxg4+ {[%clk 00:53:12]  [%emt 00:00:12]} 31.
Ke2 { [%clk 00:50:35]  [%emt 00:00:17]} 31... Rf2+ {[%clk 00:53:24]  [%emt
00:00:18]} 32. Kd3 {[%clk 00:50:37]  [%emt 00:00:28]} 32... Bxh4 { [%clk
00:53:03]  [%emt 00:00:51]} 33. gxh4 {[%clk 00:50:55]  [%emt 00:00:12]} 33...
Rf3+ {[%clk 00:53:16]  [%emt 00:00:17]} 34. Kd2 { [%clk 00:51:10]  [%emt
00:00:15]} 34... Ne3 {[%clk 00:53:34]  [%emt 00:00:12]} 35. b4 {[%clk 00:50:45]
 [%emt 00:00:55]} 35... Nxc4+ { [%clk 00:53:53]  [%emt 00:00:11]} 36. Kc2
{[%clk 00:50:56]  [%emt 00:00:20]} 36... Raf8 {[%clk 00:54:17]  [%emt
00:00:06]} 37. bxc5 { [%clk 00:51:08]  [%emt 00:00:17]} 37... bxc5 {[%clk
00:54:32]  [%emt 00:00:15]} 38. Kb3 {[%clk 00:51:12]  [%emt 00:00:27]} 38...
Nd2+ { [%clk 00:54:23]  [%emt 00:00:39]} 39. Kc2 {[%clk 00:51:31]  [%emt
00:00:11]} 39... Ne4 {[%clk 00:54:24]  [%emt 00:00:29]} 40. Bd2 { [%clk
00:51:28]  [%emt 00:00:32]} 40... Rf2 {[%clk 00:54:41]  [%emt 00:00:13]} 41.
Kd3 {[%clk 00:51:41]  [%emt 00:00:17]} 41... Nxd2 { [%clk 00:54:29]  [%emt
00:00:42]} 42. a4 {[%clk 00:51:32]  [%emt 00:00:40]} 42... R8f3+ {[%clk
00:54:46]  [%emt 00:00:12]} 43. Kc2 { [%clk 00:51:55]  [%emt 00:00:07]} 43...
Nb3+ {[%clk 00:54:58]  [%emt 00:00:19]} 44. Kd1 {[%clk 00:52:12]  [%emt
00:00:12]} 44... Rxh3 { [%clk 00:55:07]  [%emt 00:00:21]} 45. Ke1 {[%clk
00:52:35]  [%emt 00:00:07]} 45... Ra2 {[%clk 00:55:31]  [%emt 00:00:07]} 46.
Kf1 { [%clk 00:52:53]  [%emt 00:00:11]} 46... Rh1# {[%clk 00:55:25]  [%emt
00:00:06]} 0-1